Eagles Songs Sudden Death - Statistics

General Stats
  • This quiz has been taken 260 times
  • The average score is 8 of 10
Answers on the Grid
Answers color-coded by a green-red scale on the quiz's grid according to % correct below.
Hotel California
Lyin Eyes
Already Gone
Take it Easy
I Can't Tell You Why
New Kid in Town
Take It to the Limit
Desperado
Tequila Sunrise
One of These Nights
Jackson
Green River
Senorita
Try to Understand
Family Tradition
Swamp Music
Long Cool Women
West of The Mississippi
California Dreamin
Californication
East Bound and Down
Trucks
California Girls
Highway to Hell
 
Answer Stats
Answer % Correct
Hotel California
97%
Desperado
89%
Take it Easy
89%
One of These Nights
88%
Lyin Eyes
87%
Take It to the Limit
85%
Tequila Sunrise
85%
New Kid in Town
78%
Already Gone
70%
I Can't Tell You Why
68%
No matching quizzes found
Score Distribution
Percent of People with Each Score
Percentile by Number Answered
Your Score History
You have not taken this quiz